Cultura y territorio identidad y modos de vida : 2° Congreso RNIU: Investigación Urbana y Regional Balance y Perspectivas /

Uloženo v:
Podrobná bibliografie
Korporativní autor: Universidad Autónoma de Puebla
Médium: Text
Jazyk:Spanish
Vydáno: Puebla: Editorial de la Red Nacional de Investigación Urbana
Témata:
Tagy: Přidat tag
Žádné tagy, Buďte první, kdo vytvoří štítek k tomuto záznamu!

MARC

LEADER 00000 a a2200000 04500
001 36278
003 cru CIDCACS/IIS
005 20170530153234.0
008 170530b xxu||||| |||| 00| 0 spa d
020 |a 968-6934-12-X  
040 |c CIDCACS/IIS 
090 |a 05.02.02 U58c  
110 |a Universidad Autónoma de Puebla  
245 |a Cultura y territorio identidad y modos de vida :   |b 2° Congreso RNIU: Investigación Urbana y Regional Balance y Perspectivas /   |c Universidad Autónoma de Puebla; compilado por Elsa Patiño Tovar y Jaime Castillo Palma 
260 |a Puebla:   |b Editorial de la Red Nacional de Investigación Urbana  
300 |a 183 páginas 
650 |a COMUNICACION  
650 |a IDENTIDAD CULTURAL  
650 |a URBANISMO  
650 |a GLOBALIZACION  
650 |a TECNOLOGIA  
942 |2 ddc  |c LI 
999 |c 19414  |d 19414